000 00818nam a2200241 i 4500
001 134382
003 ES-MaACL
005 20250903012933.0
007 t|
008 070910s1973 sp |||| | spa d
080 _a51:37.02
100 1 _aWhite, Stephen.
_9116687
245 1 0 _aMatemática y nueva pedagogía /
_cpor Stephen White ; prólogo del Dr. Miguel Masriera ; [traducción de J.M. García de la Mora].
260 _aBarcelona :
_bPromoción Cultural,
_c[1973]
300 _a153 p. ;
_c20 cm.
490 1 _aTriángulo ;
_v1
650 1 4 _aMatemáticas-
_xEstudio y enseñanza
_914818
700 1 _aMasriera y Rubio, Miguel.
_978778
700 1 _aGarcía de la Mora, José Manuel.
_954451
830 0 _aTriángulo ;
_v1
_9219840
852 _aES-MaACL
_jC-56073
999 _c134382
_d134382